000 00342nam a2200157Ia 4500
003 Ost
005 20260225132542.0
008 260225s9999||||xx |||||||||||||| ||und||
040 _cfsic
041 _afre
082 _a306.85
100 _aClaude Alquier
_eAuteur
245 0 _aL'inflation /
245 0 _cClaude Alquier
942 _cكتاب
999 _c33566
_d33566